000 00558nam a2200181 i 4500
001 61478
003 ES-MaACL
005 20230906164451.0
007 t|
008 031112s1968 sp ||||1| spa d
100 1 _aExpósito Fernández, Jesús A.
_948429
245 1 0 _aAsturias frente a su reconversión industrial /
_cJesús A. Expósito Fernández y Arturo López Muñoz.
250 _a[1ª ed.].
260 _aMadrid :
_bZYX,
_c[1968]
300 _a86 p. ;
_c17 cm.
700 1 _aLópez Muñoz, Arturo.
_973813
852 _aES-MaACL
_jC-34512
_bR.65367
999 _c61478
_d61478